<?xml version="1.0" encoding="UTF-8"?>
<record
    xmlns:xsi="http://www.w3.org/2001/XMLSchema-instance"
    xsi:schemaLocation="http://www.loc.gov/MARC21/slim http://www.loc.gov/standards/marcxml/schema/MARC21slim.xsd"
    xmlns="http://www.loc.gov/MARC21/slim">

  <leader>00663nam a22001937a 4500</leader>
  <controlfield tag="005">20230531015545.0</controlfield>
  <controlfield tag="008">221222b        |||||||| |||| 00| 0 eng d</controlfield>
  <datafield tag="020" ind1=" " ind2=" ">
    <subfield code="a">9701-08-5509-3</subfield>
  </datafield>
  <datafield tag="082" ind1=" " ind2=" ">
    <subfield code="a">Fil. 371.26 C146 1993</subfield>
  </datafield>
  <datafield tag="100" ind1=" " ind2=" ">
    <subfield code="a">Calderon, Jose E. </subfield>
    <subfield code="e">author </subfield>
  </datafield>
  <datafield tag="245" ind1=" " ind2=" ">
    <subfield code="a">Measurement and evaluation /</subfield>
    <subfield code="c">Jose F. Calderon, Expectacion C. Gonzales </subfield>
  </datafield>
  <datafield tag="260" ind1=" " ind2=" ">
    <subfield code="a">Mandaluyong City:</subfield>
    <subfield code="b">National Book Store, </subfield>
    <subfield code="c">c1993.</subfield>
  </datafield>
  <datafield tag="300" ind1=" " ind2=" ">
    <subfield code="a">262p.</subfield>
  </datafield>
  <datafield tag="504" ind1=" " ind2=" ">
    <subfield code="a">Includes index </subfield>
  </datafield>
  <datafield tag="541" ind1=" " ind2=" ">
    <subfield code="e">1696 c.1, 1697 c.2, 1698 c.3, 1699 c.4, 1700 c.5, 3339 c.6</subfield>
  </datafield>
  <datafield tag="650" ind1=" " ind2=" ">
    <subfield code="a">Educational tests and measurements </subfield>
  </datafield>
  <datafield tag="650" ind1=" " ind2=" ">
    <subfield code="a">Educational Evaluation </subfield>
  </datafield>
  <datafield tag="700" ind1=" " ind2=" ">
    <subfield code="a">Gonzales, Expectacion C. </subfield>
  </datafield>
  <datafield tag="952" ind1=" " ind2=" ">
    <subfield code="0">0</subfield>
    <subfield code="1">0</subfield>
    <subfield code="2">ddc</subfield>
    <subfield code="4">0</subfield>
    <subfield code="7">0</subfield>
    <subfield code="a">CTUMB</subfield>
    <subfield code="b">CTUMB</subfield>
    <subfield code="d">2011-06-13</subfield>
    <subfield code="l">0</subfield>
    <subfield code="o">Fil. 371.26 C146 1993</subfield>
    <subfield code="p">1696</subfield>
    <subfield code="r">2022-12-22 00:00:00</subfield>
    <subfield code="t">1</subfield>
    <subfield code="w">2022-12-22</subfield>
    <subfield code="y">BK-FL</subfield>
  </datafield>
  <datafield tag="952" ind1=" " ind2=" ">
    <subfield code="0">0</subfield>
    <subfield code="1">0</subfield>
    <subfield code="2">ddc</subfield>
    <subfield code="4">0</subfield>
    <subfield code="7">0</subfield>
    <subfield code="a">CTUMB</subfield>
    <subfield code="b">CTUMB</subfield>
    <subfield code="d">2011-06-13</subfield>
    <subfield code="l">0</subfield>
    <subfield code="o">Fil. 371.26 C146 1993</subfield>
    <subfield code="p">1697</subfield>
    <subfield code="r">2022-12-22 00:00:00</subfield>
    <subfield code="t">2</subfield>
    <subfield code="w">2022-12-22</subfield>
    <subfield code="y">BK-FL</subfield>
  </datafield>
  <datafield tag="952" ind1=" " ind2=" ">
    <subfield code="0">0</subfield>
    <subfield code="1">0</subfield>
    <subfield code="2">ddc</subfield>
    <subfield code="4">0</subfield>
    <subfield code="7">0</subfield>
    <subfield code="a">CTUMB</subfield>
    <subfield code="b">CTUMB</subfield>
    <subfield code="d">2011-06-13</subfield>
    <subfield code="l">0</subfield>
    <subfield code="o">Fil. 371.26 C146 1993</subfield>
    <subfield code="p">1698</subfield>
    <subfield code="r">2022-12-22 00:00:00</subfield>
    <subfield code="t">3</subfield>
    <subfield code="w">2022-12-22</subfield>
    <subfield code="y">BK-FL</subfield>
  </datafield>
  <datafield tag="952" ind1=" " ind2=" ">
    <subfield code="0">0</subfield>
    <subfield code="1">0</subfield>
    <subfield code="2">ddc</subfield>
    <subfield code="4">0</subfield>
    <subfield code="7">0</subfield>
    <subfield code="a">CTUMB</subfield>
    <subfield code="b">CTUMB</subfield>
    <subfield code="d">2011-06-13</subfield>
    <subfield code="l">0</subfield>
    <subfield code="o">Fil. 371.26 C146 1993</subfield>
    <subfield code="p">1699</subfield>
    <subfield code="r">2022-12-22 00:00:00</subfield>
    <subfield code="t">4</subfield>
    <subfield code="w">2022-12-22</subfield>
    <subfield code="y">BK-FL</subfield>
  </datafield>
  <datafield tag="952" ind1=" " ind2=" ">
    <subfield code="0">0</subfield>
    <subfield code="1">0</subfield>
    <subfield code="2">ddc</subfield>
    <subfield code="4">0</subfield>
    <subfield code="7">0</subfield>
    <subfield code="a">CTUMB</subfield>
    <subfield code="b">CTUMB</subfield>
    <subfield code="d">2011-06-13</subfield>
    <subfield code="l">0</subfield>
    <subfield code="o">Fil. 371.26 C146 1993</subfield>
    <subfield code="p">1700</subfield>
    <subfield code="r">2022-12-22 00:00:00</subfield>
    <subfield code="t">5</subfield>
    <subfield code="w">2022-12-22</subfield>
    <subfield code="y">BK-FL</subfield>
  </datafield>
  <datafield tag="952" ind1=" " ind2=" ">
    <subfield code="0">0</subfield>
    <subfield code="1">0</subfield>
    <subfield code="2">ddc</subfield>
    <subfield code="4">0</subfield>
    <subfield code="7">0</subfield>
    <subfield code="a">CTUMB</subfield>
    <subfield code="b">CTUMB</subfield>
    <subfield code="d">2014-01-29</subfield>
    <subfield code="l">0</subfield>
    <subfield code="o">Fil. 371.26 C146 1993</subfield>
    <subfield code="p">3339</subfield>
    <subfield code="r">2022-12-22 00:00:00</subfield>
    <subfield code="t">6</subfield>
    <subfield code="w">2022-12-22</subfield>
    <subfield code="y">BK-FL</subfield>
  </datafield>
  <datafield tag="999" ind1=" " ind2=" ">
    <subfield code="c">426</subfield>
    <subfield code="d">426</subfield>
  </datafield>
</record>
